Max and Ruby Character Quiz - Statistics

General Stats
  • This quiz has been taken 3 times
  • The average score is 11 of 17
Answer Stats
Picture Answer % Correct
Grandma
100%
Louise
100%
Max
100%
Ruby
100%
Baby Huffington
67%
Bunny Scout Leader
67%
Candi
67%
Easter Bunny
67%
Froggy
67%
Martha
67%
Morris
67%
Mr. Huffington
67%
Mrs. Huffington
67%
Roger
67%
Valerie
67%
Mr. Piazza
0%
Rosalinda
0%
No matching quizzes found
Score Distribution
Percent of People with Each Score
Percentile by Number Answered
Your Score History
You have not taken this quiz